000 00720nam a2200193Ia 4500
008 151121s9999||||xx |||||||||||||| ||und||
082 _a814/मुणगे
082 _bHNW-56141
100 _aमुणगेकर श्री। ग।
245 _aपरिवर्तनाचे प्रवाह
260 _b"कॉन्टिनेंन्टल प्रकाशन,पुणे।"
260 _c--
300 _a326
600 _aमुणगेकर श्री। ग।
630 _aपरिवर्तनाचे प्रवाह
700 _aमुणगेकर श्री। ग।
730 _aपरिवर्तनाचे प्रवाह
942 _cBOOK
999 _c1238764
_d1238761